| 000 | 01005nas a2200313 4500 | ||
|---|---|---|---|
| 001 | BR2012005526 | ||
| 003 | BR-BrBNA | ||
| 005 | 20231205120904.0 | ||
| 007 | ta | ||
| 008 | 230509b bl.|||p| |||| 00| 00por d | ||
| 040 |
_aBR-BrBNA _bpor _cBiblioteca Nacional de Agricultura |
||
| 041 | _a(Pt) | ||
| 072 | _aF60 | ||
| 100 | 1 | _aSimões, D. | |
| 100 | 1 | _aSilva, R.B.G. da | |
| 100 | 1 | _aSilva, M.R. da | |
| 245 | 1 | _aComposição do substrato sobre o desenvolvimento, qualidade e custo de produção de mudas de Eucalyptus grandis Hill ex Maiden x Eucalyptus urophylla S.T. Blake | |
| 650 | _aEUCALIPTO | ||
| 650 | _aEUCALYPTUS GRANDIS | ||
| 650 | _aVIVEIRO | ||
| 650 | _aSUBSTRATO DE CULTURA | ||
| 650 | _aMUDA | ||
| 650 | _aDESENVOLVIMENTO FLORESTAL | ||
| 650 | _aREPRODUÇÃO SEXUADA | ||
| 650 | _aFIBRA | ||
| 773 | 0 |
_tCiência Florestal (Brazil) _xISSN 0103-9954 _g(Jan-Mar 2012), V. 22(1) p. 91-100 _wBR2012005526 |
|
| 909 |
_a202311 _bLúcia _c55 _dLúcia Elande |
||
| 942 |
_2AGRIS _n0 _cANA |
||
| 999 |
_c220821 _d220821 |
||